000 00785nam a22001817a 4500
005 20120207100351.0
020 _c 160.00
_a
035 _aB-65046
037 _a dpl
082 _a133.5
100 _aशुक्ल, दुर्गाप्रसाद
_941007
245 1 _aद्वादश भाव रहस्य /
_cदुर्गाप्रसाद शुक्ल
260 _aदिल्ली
_bमेघ प्रकाशन
_c 2002
270 _a
_b
_e
_k
300 _a160पृ.
_c22सेमी (सजिल्द)
942 _adpl
_cHN
_k
_2ddc
_h133.5
_mशुक्लदु
999 _c62101
_d62101